000 00287nam a22001337a 4500
020 _a978-1-4273-8951-0
082 _a823
_bPAR/B
100 _aPARRAGON BOOKS
245 _aBARBIE
260 _aUK
_bPARRAGON BOOKS
_c2015
300 _a23
650 _aENGLISH SHORT STORY
_zUK
942 _cBK
999 _c3325
_d3325